ESL Standards for pre-k-12 students (Record no. 17001)
[ view plain ]
| 000 -LEADER | |
|---|---|
| fixed length control field | 00308nam a22001097a 4500 |
| 008 - FIXED-LENGTH DATA ELEMENTS--GENERAL INFORMATION | |
| fixed length control field | 140218t xxu||||| |||| 00| 0 eng d |
| 020 ## - INTERNATIONAL STANDARD BOOK NUMBER | |
| International Standard Book Number | 0-939791-71-4 |
| 110 ## - MAIN ENTRY--CORPORATE NAME | |
| Corporate name or jurisdiction name as entry element | Teachers of English to speakers of other languages, Inc. |
| 9 (RLIN) | 744 |
| 245 ## - TITLE STATEMENT | |
| Title | ESL Standards for pre-k-12 students |
| 300 ## - PHYSICAL DESCRIPTION | |
| Extent | 166 |
| 942 ## - ADDED ENTRY ELEMENTS (KOHA) | |
| Source of classification or shelving scheme | |
| Koha item type | Book |
| Withdrawn status | Lost status | Source of classification or shelving scheme | Damaged status | Not for loan | Permanent Location | Current Location | Date acquired | Total Checkouts | Full call number | Barcode | Date last seen | Price effective from | Koha item type |
|---|---|---|---|---|---|---|---|---|---|---|---|---|---|
| Atta-ur-Rahman School of Applied Biosciences (ASAB) | Atta-ur-Rahman School of Applied Biosciences (ASAB) | 02/18/2014 | 428.24 ESL | ASAB822 | 02/18/2014 | 02/18/2014 | Book |
